[Event "54smm A Kaltern/Tramin-Deutschnofen"]
[Site "?"]
[Date "2022.12.17"]
[Round "4.4"]
[White "Maier, Fridolin"]
[Black "Thurner, Markus"]
[Result "0-1"]
[WhiteElo "1758"]
[BlackElo "1891"]
[PlyCount "82"]
[EventDate "2022.12.17"]

{[%evp 0,82,32,37,38,28,33,19,70,23,30,47,51,53,41,26,11,-8,16,-62,-79,-68,-65,
-65,-64,-66,-66,-65,-57,-111,-77,-107,-114,-81,-51,-83, -90,-85,-77,-86,-53,
-58,-53,-49,-55,-54,-53,-70,-74,-69,-57,-110,-96,-108,-103,-96,-91,-91,-76,-82,
-70,-74,-67,-91,-94,-98,-86, -94,-43,-83,-66,-59,-60,-70,-94,-96,-96,-94,-56,
-100,-96,-127,-55,-325,-366]} 1. e4 e6 2. d4 d5 3. Nc3 Nf6 4. Bg5 Be7 5. e5
Nfd7 6. Bxe7 Qxe7 7. Nb5 Nb6 8. Bd3 a6 9. Na3 Qb4+ 10. c3 Qxb2 11. Qc1 Qxc1+
12. Rxc1 Bd7 13. Nf3 O-O 14. Nd2 Ba4 15. Nb3 Bxb3 16. axb3 Nc6 17. Ke2 f6 18.
f4 fxe5 19. fxe5 Rf7 20. Rhf1 Raf8 21. Ke3 Ne7 22. Rxf7 Rxf7 23. Rf1 Rxf1 24.
Bxf1 Kf7 25. c4 Nd7 26. cxd5 Nxd5+ 27. Ke4 b5 28. g3 N7b6 29. Nc2 a5 30. Kd3 g5
31. h4 gxh4 32. gxh4 Kg6 33. Ke4 b4 34. Bh3 Nc3+ 35. Kd3 Nbd5 36. Kd2 Kf7 37.
Ne1 a4 38. bxa4 Nxa4 39. Nc2 b3 40. Na3 b2 41. Kd3 Nf4+ 0-1

[Event "54smm A Kaltern/Tramin-Deutschnofen"]
[Site "?"]
[Date "2022.12.17"]
[Round "4.5"]
[White "Tonina, Filippo"]
[Black "Comai, Samuele"]
[Result "0-1"]
[WhiteElo "1953"]
[BlackElo "1920"]
[PlyCount "60"]
[EventDate "2022.12.17"]

{[%evp 1,1,0]} 1. c4 Nf6 2. g3 e6 3. Bg2 d5 4. Nf3 c6 5. O-O dxc4 6. Ne5 Qd4 7.
Nf3 Qc5 8. b3 cxb3 9. Qxb3 Nbd7 10. d4 Qb6 11. Qd3 a5 12. Nbd2 Qa6 13. Nc4 b5
14. Nce5 Nxe5 15. Nxe5 Bb7 16. Bg5 h6 17. Bxf6 gxf6 18. Ng4 Be7 19. e4 h5 20.
Ne3 Rd8 21. Qc3 b4 22. Qb2 h4 23. Rfd1 hxg3 24. hxg3 Qb5 25. f4 c5 26. d5 c4
27. d6 c3 28. Qb3 Rxd6 29. Bf3 Rxd1+ 30. Rxd1 Bc5 0-1

[Event "54smm A Kaltern/Tramin-Deutschnofen"]
[Site "?"]
[Date "2022.12.17"]
[Round "4.6"]
[White "Martinelli, Michele"]
[Black "Gibitz, Othmar"]
[Result "1/2-1/2"]
[WhiteElo "1704"]
[BlackElo "1632"]
[PlyCount "30"]
[EventDate "2022.12.17"]

{[%evp 0,30,28,18,19,19,13,15,15,3,5,0,-1,7,21,-25,-17,-17,-8,-65,-26,-31,-22,
-23,-39,-39,18,12,26,34,49,-12,22]} 1. e4 e5 2. Nf3 Nc6 3. Bb5 a6 4. Ba4 Nf6 5.
O-O b5 6. Bb3 Bc5 7. Re1 d6 8. h3 O-O 9. a4 b4 10. a5 Be6 11. Bxe6 fxe6 12. c3
h6 13. d4 exd4 14. cxd4 Ba7 15. Qd3 Qd7 1/2-1/2

[Event "54smm A Merania-Klausen"]
[Site "?"]
[Date "2022.12.17"]
[Round "4.1"]
[White "Schacher, Gerd"]
[Black "Bonagura, Stefano"]
[Result "1-0"]
[WhiteElo "2298"]
[BlackElo "2213"]
[PlyCount "91"]
[EventDate "2022.12.17"]

{[%evp 0,91,19,27,36,-17,5,3,43,-10,16,-18,-5,-8,20,37,37,51,34,45,60,18,38,38,
38,35,63,62,62,49,78,78,57,81,44,73,90,90,91,63,89,31,5 9,30,53,72,76,73,67,64,
129,71,83,87,129,111,189,184,169,169,169,183,198,214,231,250,273,258,260,349,
408,293,477,418,403,407,407 ,425,448,435,504,459,488,485,510,300,515,528,675,
899,1175,1175,1541,1541]} 1. Nf3 Nc6 2. c4 e5 3. Nc3 f5 4. g3 Nf6 5. d3 Bb4 6.
Bg2 Bxc3+ 7. bxc3 O-O 8. Rb1 d6 9. O-O Qe8 10. Nd2 Qh5 11. e3 Qh6 12. Qe2 Nd8
13. f4 Re8 14. fxe5 dxe5 15. e4 f4 16. Nf3 Bg4 17. Qf2 Bxf3 18. Bxf3 g5 19.
gxf4 exf4 20. Kh1 Kh8 21. Rb5 c6 22. Rf5 Ne6 23. e5 Ng8 24. Be4 Rf8 25. d4 Rxf5
26. Bxf5 Rf8 27. Bg4 Ne7 28. Ba3 Re8 29. d5 cxd5 30. Bxe7 Rxe7 31. cxd5 Nd8 32.
e6 Qg6 33. Qe2 Qe8 34. Re1 b5 35. Kg1 Rg7 36. d6 Nb7 37. d7 Qe7 38. Qxb5 Nd8
39. Qa5 Nc6 40. Qd5 Nd8 41. c4 h5 42. Bd1 Rh7 43. c5 g4 44. c6 g3 45. c7 gxh2+
46. Kh1 1-0

[Event "54smm A Merania-Klausen"]
[Site "?"]
[Date "2022.12.17"]
[Round "4.2"]
[White "Teutsch, Alexander"]
[Black "Seebacher, Michael"]
[Result "0-1"]
[WhiteElo "2067"]
[BlackElo "2056"]
[PlyCount "110"]
[EventDate "2022.12.17"]

{[%evp 0,110,19,27,26,-16,-16,-24,-29,-32,18,15,11,-4,-4,-5,28,39,65,50,33,4,
-7,-1,0,-14,27,16,13,7,7,0,-2,-9,-9,-8,20,-2,-6,-16,-16,- 14,-18,-25,-11,-69,
-62,-70,-82,-79,-79,-116,-93,-102,-118,-116,-105,-148,-134,-151,-87,-84,-105,
-102,-96,-91,-90,-124,-125,-123 ,-127,-149,-129,-173,-177,-185,-221,-295,-201,
-209,-202,-202,-202,-199,-272,-284,-297,-305,-305,-313,-315,-315,-315,-319,
-326,- 331,-375,-378,-401,-378,-401,-432,-325,-388,-410,-412,-418,-455,-495,
-495,-538,-1012,-1012]} 1. Nf3 d5 2. c4 e6 3. cxd5 exd5 4. d4 c6 5. Nc3 Nf6 6.
Qc2 Na6 7. a3 g6 8. Bg5 Be7 9. e3 Bf5 10. Qb3 Qb6 11. Qxb6 axb6 12. Ne5 O-O 13.
Bd3 Bxd3 14. Nxd3 Rfe8 15. f3 Nc7 16. O-O Ne6 17. Bh4 Rad8 18. Na4 b5 19. Nac5
Nxc5 20. Nxc5 Bxc5 21. dxc5 Kg7 22. Rad1 Rxe3 23. Bf2 Re6 24. Bd4 Kg8 25. f4
Ng4 26. f5 Re4 27. fxg6 hxg6 28. Rd3 Rde8 29. Bc3 Re3 30. Rxe3 Rxe3 31. Rf4 Re4
32. Rxe4 dxe4 33. h3 Ne3 34. Bd4 Nd5 35. g4 f5 36. gxf5 gxf5 37. h4 Kh7 38. Kf2
Kg6 39. Kg3 Kh5 40. Be5 Kg6 41. Bd6 Kh5 42. Be5 e3 43. Bd6 f4+ 44. Kf3 Kxh4 45.
Be5 Kh3 46. Bd6 e2 47. Kxe2 Kg2 48. Bxf4 Nxf4+ 49. Ke3 Nd5+ 50. Kd4 b4 51. Ke5
bxa3 52. bxa3 Nc7 53. a4 Kf3 54. a5 Na6 55. Kd6 Ke4 0-1

[Event "54smm A Merania-Klausen"]
[Site "?"]
[Date "2022.12.17"]
[Round "4.3"]
[White "Seebacher, Reinhard"]
[Black "Lami, Damiano"]
[Result "0-1"]
[WhiteElo "1908"]
[BlackElo "2039"]
[PlyCount "68"]
[EventDate "2022.12.17"]

{[%evp 0,68,27,19,15,-9,5,-4,6,6,20,7,3,13,31,35,46,46,79,80,104,72,70,23,29,
15,32,-72,-74,-118,-100,-120,-125,-125,-50,-86,-86,-88,-8 8,-142,-177,-419,
-370,-332,-332,-552,-267,-665,-665,-653,-404,-413,-424,-424,-321,-290,-297,
-303,-297,-338,-308,-304,-299,-291, -311,-484,-489,-649,-681,-745,-439]} 1. Nf3
Nf6 2. c4 e6 3. d4 d5 4. Nc3 Be7 5. Bf4 O-O 6. e3 Nbd7 7. Rc1 dxc4 8. Bxc4 c5
9. O-O cxd4 10. Qxd4 a6 11. Rfd1 b5 12. Bb3 Nc5 13. Qe5 Nd3 14. Qg5 Nd7 15. Qg3
Nxc1 16. Rxc1 Nf6 17. Bh6 Ne8 18. e4 Bb7 19. Ng5 b4 20. Rd1 Qb8 21. e5 bxc3 22.
Nxh7 Be4 23. Nf6+ Bxf6 24. Bf4 cxb2 25. exf6 Qd8 26. fxg7 Nxg7 27. Be5 Bg6 28.
Bxb2 Qa5 29. Qh4 Rfd8 30. Rxd8+ Rxd8 31. h3 Nh5 32. Kh2 Qc7+ 33. Kg1 Rd2 34.
Ba3 Qf4 0-1

[Event "54smm A Merania-Klausen"]
[Site "?"]
[Date "2022.12.17"]
[Round "4.4"]
[White "Battiston, Claudio"]
[Black "Schrott, Karl"]
[Result "1/2-1/2"]
[WhiteElo "1806"]
[BlackElo "1959"]
[PlyCount "110"]
[EventDate "2022.12.17"]

{[%evp 0,110,24,24,46,58,81,17,18,-16,-20,-20,2,10,-6,-13,0,-4,-2,-2,8,15,11,
13,23,33,28,25,34,-4,0,20,15,0,1,-4,22,3,49,48,51,16,10,- 18,-26,-25,-13,-85,
-93,-93,-93,-131,-115,-123,-100,-106,-118,-168,-164,-186,-118,-140,-148,-173,
-96,-142,-34,-43,276,5,4,17,22, 19,19,21,21,18,12,12,12,19,11,11,34,35,54,31,
32,35,40,40,87,109,151,132,154,150,163,141,141,141,165,125,132,36,30,34,27,19,
19,1 5,19]} 1. e4 c5 2. Nf3 d6 3. c3 Nf6 4. h3 Nc6 5. Bd3 g6 6. O-O Bg7 7. Re1
O-O 8. Bc2 b6 9. d3 e6 10. Bf4 Bb7 11. Nbd2 b5 12. a4 a6 13. axb5 axb5 14. Qe2
e5 15. Bg5 h6 16. Bh4 Qe7 17. Bxf6 Bxf6 18. Nf1 h5 19. Ne3 Nd8 20. Bb3 Ne6 21.
Nd5 Bxd5 22. Bxd5 Nf4 23. Qf1 Nxd5 24. exd5 Qb7 25. c4 bxc4 26. dxc4 Qxb2 27.
Rab1 Qc2 28. Rec1 Qf5 29. Rb6 Rfd8 30. Re1 Ra2 31. Re2 Rc2 32. Nd2 Qd3 33. Rb3
Qf5 34. Ne4 Rxc4 35. Rf3 Rxe4 36. Rxf5 gxf5 37. Rxe4 fxe4 38. Qe2 h4 39. Qxe4
Kf8 40. g3 hxg3 41. fxg3 Ke7 42. h4 Rc8 43. Qg4 Rc7 44. Qc4 Rb7 45. Qa6 Rd7 46.
Kf2 e4 47. Ke3 Be5 48. g4 Rc7 49. Qb6 Kd7 50. Qb5+ Ke7 51. Qb6 Kd7 52. Kxe4 c4
53. Qb5+ Kd8 54. Qb8+ Rc8 55. Qb6+ Rc7 1/2-1/2

[Event "54smm A Merania-Klausen"]
[Site "?"]
[Date "2022.12.17"]
[Round "4.5"]
[White "Schrott, Johann"]
[Black "Kaserer, Hanspeter"]
[Result "0-1"]
[WhiteElo "1813"]
[BlackElo "1663"]
[PlyCount "62"]
[EventDate "2022.12.17"]

{[%evp 0,62,27,13,20,37,27,28,29,9,41,35,18,6,4,5,2,-10,29,0,138,138,138,131,
151,151,196,196,202,206,198,197,221,203,280,260,299,261,2 60,253,312,312,313,
250,257,201,234,234,245,171,252,252,252,252,257,233,243,0,204,191,216,77,99,
-1023,-1059]} 1. e4 e5 2. Nf3 Nc6 3. Bb5 Nf6 4. O-O d6 5. Re1 Be7 6. c3 O-O 7.
h3 Bd7 8. Ba4 Qc8 9. d3 Bxh3 10. gxh3 Qxh3 11. Nh2 h5 12. Qf3 Qc8 13. Bg5 Ng4
14. Bxe7 Nxe7 15. Nxg4 hxg4 16. Qg3 g5 17. Bd1 f5 18. exf5 Qxf5 19. Bxg4 Qf6
20. Nd2 Kg7 21. Kg2 Nd5 22. Ne4 Qg6 23. Rh1 Nf4+ 24. Kg1 d5 25. Nc5 b6 26. Nd7
Rh8 27. Rxh8 Rxh8 28. Qe3 Re8 29. Rd1 Qh6 30. Qg3 Rh8 31. Bf3 Ne2+ 0-1

[Event "54smm A Merania-Klausen"]
[Site "?"]
[Date "2022.12.17"]
[Round "4.6"]
[White "Franceschini, Christoph"]
[Black "Sigmund, Ingenuin"]
[Result "0-1"]
[WhiteElo "1613"]
[BlackElo "1544"]
[PlyCount "66"]
[EventDate "2022.12.17"]

{[%evp 0,66,21,37,38,38,31,31,31,8,46,31,43,43,53,68,68,68,73,0,0,0,0,0,0,0,27,
-3,-34,-34,86,-99,-92,-123,-123,-247,-182,-177,-170,-19 9,-168,-166,-174,-205,
-202,-267,-254,-254,-259,-316,-282,-281,-280,-281,-281,-540,-358,-341,-346,
-409,-408,-425,-422,-436,-434, -484,-493,-574,-591]} 1. e4 e6 2. d4 d5 3. Nc3
Bb4 4. Bd3 Ne7 5. Qg4 O-O 6. e5 f5 7. exf6 Rxf6 8. Bg5 Rf7 9. Nf3 e5 10. Bxh7+
Kxh7 11. Qh5+ Kg8 12. Nxe5 Rf5 13. O-O Nbc6 14. g4 Rf8 15. Rae1 Qe8 16. Qxe8
Rxe8 17. Ng6 Kf7 18. Nxe7 Nxe7 19. Bxe7 Bxc3 20. bxc3 Rxe7 21. h3 Bd7 22. Re5
Rxe5 23. dxe5 Ba4 24. Rc1 Ke6 25. f4 Rf8 26. Rf1 Bxc2 27. c4 Be4 28. cxd5+ Bxd5
29. f5+ Kxe5 30. Ra1 a6 31. Kf2 c5 32. a3 c4 33. Rd1 c3 0-1

[Event "54smm A Naturns-Brixen/Milland"]
[Site "?"]
[Date "2022.12.17"]
[Round "4.1"]
[White "Brenninger, Daniel"]
[Black "Unterthurner, Hans"]
[Result "1-0"]
[WhiteElo "2101"]
[BlackElo "1915"]
[PlyCount "61"]
[EventDate "2022.12.17"]

{[%evp 0,61,19,-12,-9,-51,34,24,6,19,30,35,33,38,23,37,30,7,58,59,72,25,77,64,
101,59,115,111,124,107,105,105,109,98,106,120,100,121,11 6,129,128,130,121,87,
87,107,137,109,186,165,305,348,377,377,433,396,400,409,739,756,766,775,762,
762]} 1. c4 Nf6 2. g3 g6 3. Bg2 Bg7 4. Nc3 c6 5. e4 O-O 6. Nge2 d6 7. O-O Nbd7
8. a3 Nc5 9. d4 Ne6 10. Be3 Nc7 11. f4 e6 12. Qc2 Qe7 13. e5 Nd7 14. Ne4 d5 15.
Nd6 dxc4 16. Qxc4 Nd5 17. Bd2 N7b6 18. Qc5 Qc7 19. a4 Rd8 20. a5 Nd7 21. Qc4
Bf8 22. Ne4 b6 23. Rfc1 c5 24. b4 Qb8 25. dxc5 bxc5 26. bxc5 a6 27. c6 Qa7+ 28.
Kh1 Ne3 29. Bxe3 Qxe3 30. cxd7 Bxd7 31. Nf6+ 1-0

[Event "54smm A Naturns-Brixen/Milland"]
[Site "?"]
[Date "2022.12.17"]
[Round "4.2"]
[White "Gurschler, Thomas"]
[Black "Sader, Michael"]
[Result "0-1"]
[WhiteElo "1840"]
[BlackElo "2092"]
[PlyCount "104"]
[EventDate "2022.12.17"]

{[%evp 0,104,18,26,14,10,10,2,61,27,83,46,42,-8,5,7,5,-22,-9,-20,-26,-26,-26,
-31,-20,-38,-39,-41,-31,-35,-57,-67,-46,-58,-69,-127,-120 ,-123,-127,-127,-102,
-119,-119,-119,-94,-113,-109,-101,-66,-71,-73,-73,-50,-55,-70,-93,-74,-63,-63,
-98,-96,-96,-128,-127,-128,- 133,-79,-155,-155,-150,-153,-201,-240,-296,-240,
-395,-395,-368,-395,-395,-383,-379,-354,-481,-481,-474,-496,-488,-509,-509,
-527 ,-547,-641,-708,-92,-2,-1,-1,0,0,0,-218,-324,-507,-527,-527,-537]} 1. d4
Nf6 2. Bf4 c5 3. e3 d5 4. Nf3 Bf5 5. Be2 Nc6 6. c3 e6 7. O-O Bd6 8. Bxd6 Qxd6
9. Nbd2 O-O 10. Nh4 Bg6 11. Nxg6 hxg6 12. f4 Rab8 13. a4 a6 14. Nf3 cxd4 15.
cxd4 Qb4 16. Qd2 Rbc8 17. Bd3 Qxd2 18. Nxd2 Nb4 19. Bb1 Nc2 20. Bxc2 Rxc2 21.
Nb3 Rxb2 22. Rab1 Rxb1 23. Rxb1 b5 24. axb5 axb5 25. Nc5 Ra8 26. h3 Rb8 27. Rb4
Ne4 28. Nxe4 dxe4 29. g4 Kf8 30. Kf2 Ke7 31. Kg3 Kd6 32. h4 f6 33. f5 gxf5 34.
gxf5 e5 35. Kg4 exd4 36. Rxd4+ Kc5 37. Rxe4 b4 38. Rd4 b3 39. Rd1 b2 40. Rb1
Kd5 41. Kh5 Ke4 42. Kg6 Rb7 43. h5 Ke5 44. e4 Kxe4 45. h6 gxh6 46. Kxf6 h5 47.
Kg6 h4 48. f6 h3 49. f7 Rxf7 50. Rxb2 Rf8 51. Kg7 Rf3 52. Kg6 Kf4 0-1

[Event "54smm A Naturns-Brixen/Milland"]
[Site "?"]
[Date "2022.12.17"]
[Round "4.3"]
[White "Kofler, Thomas"]
[Black "Gurschler, Gregor"]
[Result "1-0"]
[WhiteElo "1954"]
[BlackElo "1802"]
[PlyCount "83"]
[EventDate "2022.12.17"]

{[%evp 0,83,38,-9,-23,-25,13,-2,36,19,13,19,31,31,52,35,42,24,48,7,9,6,21,21,
23,19,20,11,4,12,10,35,111,116,83,69,69,69,106,36,85,49,5 9,39,50,25,49,50,42,
17,19,0,19,29,78,72,64,6,0,0,0,2,41,19,60,60,65,64,316,60,109,97,149,141,155,
169,169,154,150,126,254,268,27 6,251,413,404]} 1. c4 e5 2. g3 d6 3. Bg2 f5 4.
e3 Nf6 5. Nc3 Be7 6. Nge2 c6 7. d4 Na6 8. a3 Nc7 9. b4 O-O 10. O-O e4 11. d5
cxd5 12. cxd5 Qe8 13. f3 exf3 14. Bxf3 b6 15. Nd4 Ne4 16. Nxe4 fxe4 17. Bxe4
Rxf1+ 18. Qxf1 Bf6 19. Bg2 Nb5 20. Nxb5 Ba6 21. Ra2 Bxb5 22. Qf5 Bd7 23. Qd3
Bb5 24. Qe4 Ba4 25. Qxe8+ Rxe8 26. Bh3 Re7 27. Be6+ Kf8 28. e4 Rc7 29. Bf4 Ke7
30. Re2 g5 31. e5 dxe5 32. Bxe5 Rc1+ 33. Kg2 Rd1 34. Bc7 Kf8 35. Kf3 Be7 36.
Ke4 Be8 37. Rf2+ Kg7 38. Be5+ Kh6 39. Ke3 a5 40. Ke2 Rc1 41. Kd2 Rb1 42. d6 1-0

[Event "54smm A Naturns-Brixen/Milland"]
[Site "?"]
[Date "2022.12.17"]
[Round "4.4"]
[White "Naegele, Raimund"]
[Black "Paulmichl, Martin"]
[Result "0-1"]
[WhiteElo "1664"]
[BlackElo "1868"]
[PlyCount "38"]
[EventDate "2022.12.17"]

{[%evp 0,38,26,14,47,31,75,36,20,19,12,6,19,22,21,-4,13,0,-14,-29,10,18,6,-42,
-48,-38,-38,-86,-109,-109,-72,-60,-81,-50,-36,-396,-394, -380,-387,-385,-388]} 
1. d4 e6 2. Nf3 f5 3. Nbd2 Nf6 4. e3 b6 5. Bd3 Bb7 6. O-O Be7 7. Re1 Ne4 8. Ne5
O-O 9. f3 d6 10. fxe4 dxe5 11. exf5 exf5 12. dxe5 Nd7 13. Rf1 Nxe5 14. Bxf5 Qd6
15. Be4 Rxf1+ 16. Qxf1 Ng4 17. Qf4 Qxf4 18. exf4 Bc5+ 19. Kf1 Re8 0-1

[Event "54smm A Naturns-Brixen/Milland"]
[Site "?"]
[Date "2022.12.17"]
[Round "4.5"]
[White "Hellweg, Stephan"]
[Black "Naegele, Norbert"]
[Result "1/2-1/2"]
[WhiteElo "1772"]
[BlackElo "1819"]
[PlyCount "67"]
[EventDate "2022.12.17"]

{[%evp 0,67,25,31,54,42,70,30,49,59,58,46,59,43,89,47,31,19,67,28,23,23,46,18,
35,29,23,12,21,21,43,22,23,19,41,17,11,15,8,6,0,-6,-7,-7 ,-6,-17,-8,-33,-7,0,
-6,-6,0,-6,0,3,-2,-15,0,-26,8,0,0,-2,-15,-6,0,-15,-15,-3]} 1. e4 d5 2. exd5
Qxd5 3. d4 Nf6 4. Nf3 Bg4 5. Be2 e6 6. O-O Be7 7. Be3 O-O 8. Nbd2 c6 9. Ne5
Bxe2 10. Qxe2 c5 11. Ndf3 cxd4 12. Bxd4 Nc6 13. Nxc6 Qxc6 14. c3 Nd7 15. Rad1
Rfd8 16. Rfe1 Bf6 17. Bxf6 Nxf6 18. Ne5 Qc7 19. Nf3 h6 20. Rd4 Rxd4 21. Nxd4
Rd8 22. g3 a6 23. Qf3 Qb6 24. Qe2 Qc7 25. Nf3 Qa5 26. a3 Qd5 27. c4 Qa5 28. Rd1
Rc8 29. Qd3 Qc7 30. b3 Qc5 31. Qd6 Qf5 32. Qd3 Qa5 33. Qd6 Qf5 34. Qd3 1/2-1/2

[Event "54smm A Naturns-Brixen/Milland"]
[Site "?"]
[Date "2022.12.17"]
[Round "4.6"]
[White "Wielander, Wolfgang"]
[Black "Kofler, Oswald"]
[Result "0-1"]
[WhiteElo "1529"]
[BlackElo "1820"]
[PlyCount "70"]
[EventDate "2022.12.17"]

{[%evp 0,70,25,22,11,21,73,58,80,83,87,71,100,99,111,110,99,99,77,76,73,85,90,
70,101,41,36,-8,-16,-14,-34,-11,13,-28,9,-10,-5,-18,-15, -6,14,-21,23,-75,-22,
-54,-25,-182,-189,-190,-187,-200,-117,-165,-133,-124,-98,-152,-129,-131,-131,
-139,-147,-234,-262,-246,-249 ,-253,-227,-267,-260,-410,-415]} 1. e4 e5 2. d4
d6 3. dxe5 dxe5 4. Qxd8+ Kxd8 5. Nf3 Bd6 6. Bc4 f6 7. Be3 Nc6 8. a3 Nge7 9.
Nbd2 b6 10. O-O-O Na5 11. Ba2 Bb7 12. Ne1 c5 13. Nc4 Nxc4 14. Bxc4 Kc7 15. f3
Rad8 16. g4 h6 17. h4 Nc6 18. Rh2 Be7 19. Rhd2 a6 20. Ba2 Nd4 21. Kb1 Bc6 22.
Bf2 Rd6 23. c3 Nxf3 24. Rxd6 Bxd6 25. Bd5 Nxe1 26. Bxe1 Bxd5 27. Rxd5 g6 28.
Bg3 Kd7 29. Kc2 Ke6 30. Rd1 h5 31. g5 fxg5 32. hxg5 h4 33. Bh2 Rh5 34. Rg1 Be7
35. Rg4 Rxg5 0-1

[Event "54smm A Richter/Lask-Groeden"]
[Site "?"]
[Date "2022.12.17"]
[Round "4.1"]
[White "Moroder, Stephan"]
[Black "Moncher, Stefano"]
[Result "1/2-1/2"]
[WhiteElo "2146"]
[BlackElo "2169"]
[PlyCount "60"]
[EventDate "2022.12.17"]

{[%evp 0,60,19,31,41,46,51,29,24,29,26,21,23,29,40,48,42,18,2,-3,2,-16,-14,-10,
25,29,40,27,30,27,27,13,24,5,12,7,7,10,23,22,20,18,21,2 ,9,-7,4,-9,4,4,16,7,14,
7,11,2,2,-22,-22,-21,-16,-17,-5]} 1. e4 e6 2. d4 d5 3. Nc3 Bb4 4. e5 c5 5. a3
Bxc3+ 6. bxc3 Qa5 7. Bd2 Qa4 8. Qb1 c4 9. Be2 Nc6 10. Bh5 Nge7 11. Ne2 Rf8 12.
O-O Kd8 13. Bg4 Kc7 14. Nf4 Bd7 15. Re1 Rae8 16. Qd1 Bc8 17. Nh5 Rg8 18. Ra2
Ng6 19. Qf3 Ref8 20. g3 Kb8 21. Kh1 Ka8 22. Bh3 Nce7 23. Qe2 Re8 24. Rb1 Nc6
25. Bg2 Nge7 26. Rf1 Nf5 27. Bg5 Qa5 28. Qd2 h6 29. Bf4 Qd8 30. Bh3 Nfe7
1/2-1/2

[Event "54smm A Richter/Lask-Groeden"]
[Site "?"]
[Date "2022.12.17"]
[Round "4.2"]
[White "Bodrov, Timofey"]
[Black "Casadio, Niccolo"]
[Result "1-0"]
[WhiteElo "2104"]
[BlackElo "2083"]
[PlyCount "79"]
[EventDate "2022.12.17"]

{[%evp 0,79,23,18,31,40,30,39,77,19,36,16,0,-8,17,-9,16,-16,-16,-9,-16,-37,-25,
-28,-28,-55,-32,-32,-17,-15,-11,-15,33,9,42,59,48,45,62 ,-14,715,587,598,644,
664,664,707,719,894,910,934,658,658,670,670,670,672,672,672,522,635,635,692,
455,455,549,556,579,579,543,74 5,767,849,930,1010,1010,1001,874,972,990,1312,
1318]} 1. e4 e6 2. d4 d5 3. Nc3 Nf6 4. e5 Nfd7 5. Nf3 c5 6. dxc5 Nc6 7. Bf4
Nxc5 8. Bd3 Be7 9. O-O g5 10. Bg3 h5 11. h3 Qb6 12. Nb5 Bd7 13. Nd6+ Bxd6 14.
exd6 h4 15. Bh2 Rg8 16. Ne5 Qxb2 17. Re1 O-O-O 18. Rb1 Qd4 19. Qd2 Rdf8 20.
Nxc6 Bxc6 21. Qa5 Kb8 22. Be5 Qa4 23. Qxc5 g4 24. Rb4 b6 25. Bb5 Bxb5 26. Qc7+
Ka8 27. Rxa4 Bxa4 28. hxg4 f6 29. Bd4 Rc8 30. Qf7 e5 31. Qxf6 exd4 32. Qxd4 Bc6
33. Re7 Rcd8 34. Qb4 Rg6 35. Qa3 Bb7 36. d7 Bc6 37. Re8 Rxe8 38. dxe8=Q+ Bxe8
39. Qe7 Rg8 40. Qd8+ 1-0

[Event "54smm A Richter/Lask-Groeden"]
[Site "?"]
[Date "2022.12.17"]
[Round "4.3"]
[White "Demetz, Rainer"]
[Black "Bevilacqua, Maurizio"]
[Result "1-0"]
[WhiteElo "2174"]
[BlackElo "2084"]
[PlyCount "105"]
[EventDate "2022.12.17"]

{[%evp 0,81,19,31,25,-11,1,-4,-11,-24,22,12,11,-4,39,28,39,46,45,49,72,6,49,22,
20,10,25,23,67,71,57,49,46,47,46,13,19,22,17,35,30,25,4 1,16,25,25,52,49,36,14,
6,-6,0,0,69,62,63,63,45,63,93,94,94,90,85,70,63,63,72,63,62,74,226,232,271,269,
276,281,219,232,263,275,2 67,283]} 1. d4 Nf6 2. c4 c5 3. Nf3 cxd4 4. Nxd4 e6 5.
Nc3 Bb4 6. g3 O-O 7. Bg2 Nc6 8. O-O a6 9. Bf4 Qe7 10. Nxc6 bxc6 11. e4 e5 12.
Be3 d6 13. Qb3 Bxc3 14. Qxc3 Rb8 15. h3 Bb7 16. Rfd1 c5 17. Bg5 h6 18. Bxf6
Qxf6 19. Rd2 Qg6 20. Rad1 Rfd8 21. Qe3 Qe6 22. b3 Bc6 23. f4 f6 24. Kh2 a5 25.
a4 Rb7 26. Rd3 Rbd7 27. f5 Qe7 28. Qd2 Ra7 29. Rxd6 Rxd6 30. Qxd6 Qxd6 31. Rxd6
Rc7 32. Bf3 Kf8 33. Re6 Bd7 34. Ra6 Rb7 35. Bd1 Bxa4 36. bxa4 Rb2+ 37. Kg1 Rb1
38. Rd6 Ke7 39. Rd5 Rc1 40. Kf2 Rxc4 41. Ke3 Rc3+ 42. Rd3 Rc1 43. Kd2 Ra1 44.
Kc3 Rc1+ 45. Bc2 h5 46. h4 Re1 47. Rd5 Re3+ 48. Rd3 Re1 49. Kc4 Rxe4+ 50. Kxc5
Rb4 51. Rb3 Rd4 52. Rb7+ Kf8 53. Bb3 1-0

[Event "54smm A Richter/Lask-Groeden"]
[Site "?"]
[Date "2022.12.17"]
[Round "4.4"]
[White "Billio, Atto"]
[Black "Bernardi, Ruben"]
[Result "1-0"]
[WhiteElo "2021"]
[BlackElo "2032"]
[PlyCount "87"]
[EventDate "2022.12.17"]

{[%evp 0,87,25,30,49,0,1,4,-4,-3,25,33,34,20,35,19,11,10,5,1,13,5,30,32,9,9,22,
22,44,44,44,44,44,52,58,58,58,51,54,58,78,55,70,89,117, 91,109,100,89,103,116,
81,107,107,153,153,180,195,195,179,192,190,219,219,224,200,236,204,200,211,296,
296,401,424,441,375,422,42 2,468,437,743,758,794,720,728,640,650,657,994,1222]
} 1. d4 e6 2. c4 Nf6 3. Nc3 d5 4. Nf3 Bb4 5. Bd2 O-O 6. e3 b6 7. Bd3 dxc4 8.
Bxc4 Bb7 9. O-O Nbd7 10. Rc1 a6 11. Qe2 c5 12. a3 cxd4 13. axb4 Bxf3 14. gxf3
dxc3 15. Bxc3 b5 16. Bb3 Rc8 17. Rfd1 Qe7 18. Qd2 Nb6 19. Qd6 Nfd5 20. Qxe7
Nxe7 21. Bd4 Nc4 22. Bc5 Rfe8 23. Bxc4 bxc4 24. Rxc4 Nd5 25. Rdc1 h5 26. Bd6
Ra8 27. e4 Red8 28. Rc6 Nf6 29. Ra1 Ne8 30. Bc5 h4 31. Kg2 Nf6 32. Rcxa6 Rab8
33. Rd6 Rdc8 34. Ra7 Nh5 35. Kh3 Kh7 36. Rxf7 Kg6 37. Rdd7 Rxc5 38. bxc5 Rxb2
39. c6 Rxf2 40. c7 Rc2 41. Rf8 Kg5 42. c8=Q Rxc8 43. Rxg7+ Nxg7 44. Rxc8 1-0

[Event "54smm A Richter/Lask-Groeden"]
[Site "?"]
[Date "2022.12.17"]
[Round "4.5"]
[White "Moroder, Thomas"]
[Black "Buglisi, Massimo"]
[Result "1-0"]
[WhiteElo "1989"]
[BlackElo "1909"]
[PlyCount "73"]
[EventDate "2022.12.17"]

{[%evp 0,73,30,40,66,58,54,45,72,50,36,26,14,9,7,15,35,32,29,33,29,54,44,29,57,
36,35,2,3,-8,1,20,40,-10,50,-23,8,8,96,83,108,108,89,39 ,146,43,53,-8,75,-14,
11,-10,55,69,76,61,78,86,90,100,112,106,96,67,169,114,180,186,235,215,441,573,
573,573,29993,29994]} 1. e4 c5 2. Nf3 Nc6 3. Bb5 d6 4. O-O Bd7 5. c3 Nf6 6. Re1
g6 7. d4 cxd4 8. cxd4 Bg7 9. Nc3 O-O 10. h3 a6 11. Bf1 Rc8 12. Bg5 h6 13. Bh4
g5 14. Bg3 Nh5 15. Bh2 Nf4 16. Rc1 e5 17. d5 Ne7 18. Qb3 Neg6 19. Qxb7 g4 20.
hxg4 Bxg4 21. Re3 h5 22. Rc2 h4 23. Qb3 Bh6 24. Nd1 Rxc2 25. Qxc2 Qf6 26. Rc3
h3 27. Ne3 Bxf3 28. gxf3 Qg5+ 29. Kh1 Nh4 30. Ng4 Kh7 31. Bg3 Nfg2 32. Be2 Rg8
33. Rc7 Rg7 34. Qc6 Qd2 35. Nf6+ Kg6 36. Qxd6 Qxe2 37. Ng4+ 1-0